000 00391nam a2200169Ia 4500
008 230524s9999 xx 000 0 und d
020 _a8120305620
082 _a4
_bHUN
100 _aRoger Haunt
_93370
245 0 _aComputer and Commonsense
250 _a4TH
260 _aNEW DELHI
_bPHI
_c1997
300 _aXIV;208
500 _aQuantity Number: 1
650 _aComp-Sc
942 _cBK
999 _c5448
_d5448